004500000a2200109000450024501610000004100130016150000450017470000250021970000230024410000230026777300500029010aDiversity, distinctiveness and conservation status of the mediterranean coastal dung beetle assemblage in the regional natural park of the Camargue (France)0 aInglés a1 aLumaret, Jean Pierre1 aJay Robert, Pierre1 aLobo, Jorge Miguel1 tDiversity and distributionsh7q257-270d2001